=LDR 00000nam 2200000 4500 =001 INLIS000000000053392 =005 20181002120115 =035 ##$$a 0010-1018000007 =007 ta =008 181002###########################0#ind## =082 ##$$a 658.8 =084 ##$$a 658.8 COR p =100 #$$a Corbin, Arnold =245 1#$$a Penerapan konsep pemasaran /$c Corbin, Arnold =260 ##$$a Jakarta :$b Erlangga,$c 1978 =300 ##$$a 109 hlm : $b Ilus ; $c 21 cm =650 ##$$a Pemasaran =700 #$$a Claire corbin =990 ##$$a 78807880 =990 ##$$a 15.103/Pro.83